00329nam a22001337a 4500003000400000082001700004100003100021245003600052250000800088260004200096300000800138650001300146653003600159SGT a615.53bJ12A aAACHARYA, SHREE RAM SHARMA aJIVAN DEVTHA KI SADHNA- ARADHNA a1ST aMATHURAbAAKHAND JYOTI SANSTHANc2012 a360 aAYURVEDA aJIVAN, DEVTHA , SADHNA, ARADHNA